00617nam a2200181 a 450000100060000000300090000600800410001504000280005608200160008410000350010024500330013526000310016830000080019950501580020765000310036565000130039665000260040922529CO-ViMGA141112s2004 ck r 000 u spa d aCO-ViMGAbspacCO-ViMGA04a658.8 F375f1 aFernández Valiñes, Ricardo10aFundamentos de mercadotecnia aMexico : bThonson, c2002 a336 aSemblanza Histórica de la mercadotecnia 3 - 11 - - La organización y la mercadotecnia 15 - 25 - - Marco y Microambiente de la mercadotecnia 29 - 49 14aADMINISTRACIóN DE VENTAS14aMERCADEO14aPROMOCIóN DE VENTAS